[Event "European Chess Club Cup 2023"]
[Site "Durres, Albania"]
[Date "2023.10.01"]
[Round "1.38"]
[White "Saraci, Korab"]
[Black "Volokitin, Andrei"]
[Result "0-1"]
[TimeControl "90' + 30' & 30\""]
[WhiteElo "2180"]
[BlackElo "2664"]

1. e4 {[%clk 01:30:56]} {[%emt 00:00:04]} c5 {[%clk 01:30:47]} {[%emt
00:00:14]} 2. Nf3 {[%clk 01:31:21]} {[%emt 00:00:05]} d6 {[%clk 01:30:51]}
{[%emt 00:00:25]} 3. Nc3 {[%clk 01:31:43]} {[%emt 00:00:08]} Nf6 {[%clk
01:31:13]} {[%emt 00:00:08]} 4. d4 {[%clk 01:32:08]} {[%emt 00:00:05]} cxd4
{[%clk 01:31:36]} {[%emt 00:00:07]} 5. Qxd4 {[%clk 01:32:33]} {[%emt 00:00:05]}
Nc6 {[%clk 01:31:32]} {[%emt 00:00:36]} 6. Bb5 {[%clk 01:32:56]} {[%emt
00:00:04]} e5 {[%clk 01:11:52]} {[%emt 00:20:10]} 7. Qd3 {[%clk 01:04:00]}
{[%emt 00:29:25]} a6 {[%clk 01:11:59]} {[%emt 00:00:24]} 8. Ba4 {[%clk
01:00:54]} {[%emt 00:03:37]} h6 {[%clk 00:54:32]} {[%emt 00:17:56]} 9. a3
{[%clk 00:49:02]} {[%emt 00:12:29]} Be7 {[%clk 00:52:07]} {[%emt 00:02:48]} 10.
h3 {[%clk 00:35:17]} {[%emt 00:14:16]} O-O {[%clk 00:50:48]} {[%emt 00:01:49]}
11. Bb3 {[%clk 00:31:46]} {[%emt 00:04:00]} Be6 {[%clk 00:47:12]} {[%emt
00:04:06]} 12. Nd5 {[%clk 00:27:32]} {[%emt 00:04:45]} Bxd5 {[%clk 00:36:40]}
{[%emt 00:11:02]} 13. Bxd5 {[%clk 00:27:07]} {[%emt 00:00:55]} Nxd5 {[%clk
00:37:05]} {[%emt 00:00:05]} 14. Qxd5 {[%clk 00:25:22]} {[%emt 00:02:15]} Qa5+
{[%clk 00:37:29]} {[%emt 00:00:06]} 15. Qxa5 {[%clk 00:14:25]} {[%emt
00:11:27]} Nxa5 {[%clk 00:37:57]} {[%emt 00:00:02]} 16. Bd2 {[%clk 00:13:15]}
{[%emt 00:01:41]} Nc4 {[%clk 00:37:56]} {[%emt 00:00:30]} 17. Bc3 {[%clk
00:12:50]} {[%emt 00:00:55]} f5 {[%clk 00:31:09]} {[%emt 00:07:17]} 18. exf5
{[%clk 00:12:56]} {[%emt 00:00:25]} Rxf5 {[%clk 00:31:32]} {[%emt 00:00:06]} 19.
O-O {[%clk 00:11:37]} {[%emt 00:01:49]} Rc8 {[%clk 00:22:36]} {[%emt 00:09:25]}
20. Rfd1 {[%clk 00:09:43]} {[%emt 00:02:25]} Rf4 {[%clk 00:09:44]} {[%emt
00:13:22]} 21. Nd2 {[%clk 00:05:48]} {[%emt 00:04:25]} Kf7 {[%clk 00:09:14]}
{[%emt 00:01:00]} 22. Nb3 {[%clk 00:02:29]} {[%emt 00:03:49]} Ke6 {[%clk
00:09:04]} {[%emt 00:00:40]} 23. Nc1 {[%clk 00:02:21]} {[%emt 00:00:38]} d5
{[%clk 00:08:35]} {[%emt 00:00:59]} 24. Nd3 {[%clk 00:02:10]} {[%emt 00:00:41]}
Re4 {[%clk 00:07:53]} {[%emt 00:01:12]} 25. Re1 {[%clk 00:01:32]} {[%emt
00:01:08]} Nxa3 {[%clk 00:06:36]} {[%emt 00:01:46]} 26. f3 {[%clk 00:01:06]}
{[%emt 00:00:57]} Rxe1+ {[%clk 00:06:59]} {[%emt 00:00:07]} 27. Rxe1 {[%clk
00:01:29]} {[%emt 00:00:07]} Nxc2 {[%clk 00:07:10]} {[%emt 00:00:19]} 28. Rxe5+
{[%clk 00:01:33]} {[%emt 00:00:26]} Kd6 {[%clk 00:07:35]} {[%emt 00:00:05]} 29.
Nf4 {[%clk 00:01:05]} {[%emt 00:00:58]} d4 {[%clk 00:07:39]} {[%emt 00:00:26]}
30. Rd5+ {[%clk 00:00:33]} {[%emt 00:01:03]} 0-1

[Event "European Chess Club Cup 2023"]
[Site "Durres, Albania"]
[Date "2023.10.01"]
[Round "1.39"]
[White "Erdos, Viktor"]
[Black "Krasniqi, Alban"]
[Result "1-0"]
[TimeControl "90' + 30' & 30\""]
[WhiteElo "2559"]
[BlackElo "2160"]

1. Nf3 {[%clk 01:30:53]} {[%emt 00:00:05]} d5 {[%clk 01:28:28]} {[%emt
00:02:33]} 2. d4 {[%clk 01:31:12]} {[%emt 00:00:10]} Nf6 {[%clk 01:26:28]}
{[%emt 00:02:32]} 3. c4 {[%clk 01:31:35]} {[%emt 00:00:05]} e6 {[%clk
01:24:10]} {[%emt 00:02:49]} 4. Bg5 {[%clk 01:30:42]} {[%emt 00:01:23]} Bb4+
{[%clk 01:20:22]} {[%emt 00:04:18]} 5. Nc3 {[%clk 01:28:44]} {[%emt 00:02:26]}
dxc4 {[%clk 01:20:32]} {[%emt 00:00:22]} 6. e4 {[%clk 01:22:34]} {[%emt
00:06:39]} c5 {[%clk 01:20:33]} {[%emt 00:00:30]} 7. e5 {[%clk 01:01:53]}
{[%emt 00:21:11]} cxd4 {[%clk 01:16:20]} {[%emt 00:04:43]} 8. Nxd4 {[%clk
01:00:39]} {[%emt 00:01:43]} Qa5 {[%clk 01:16:29]} {[%emt 00:00:22]} 9. exf6
{[%clk 01:01:01]} {[%emt 00:00:08]} Qxg5 {[%clk 01:15:38]} {[%emt 00:01:21]} 10.
Qa4+ {[%clk 00:58:50]} {[%emt 00:02:41]} Nc6 {[%clk 01:16:02]} {[%emt
00:00:06]} 11. Nxc6 {[%clk 00:59:08]} {[%emt 00:00:12]} Bxc3+ {[%clk 01:11:50]}
{[%emt 00:04:42]} 12. bxc3 {[%clk 00:59:32]} {[%emt 00:00:06]} Bd7 {[%clk
01:08:44]} {[%emt 00:03:37]} 13. Qb4 {[%clk 00:58:59]} {[%emt 00:01:06]} Qxf6
{[%clk 01:09:04]} {[%emt 00:00:06]} 14. Na5 {[%clk 00:49:37]} {[%emt 00:09:52]}
Qe5+ {[%clk 01:03:17]} {[%emt 00:06:18]} 15. Be2 {[%clk 00:49:55]} {[%emt
00:00:11]} b5 {[%clk 01:03:37]} {[%emt 00:00:11]} 16. Rd1 {[%clk 00:49:05]}
{[%emt 00:01:19]} h5 {[%clk 01:01:29]} {[%emt 00:02:38]} 17. O-O {[%clk
00:40:53]} {[%emt 00:08:41]} Qxe2 {[%clk 01:01:19]} {[%emt 00:00:41]} 18. Qd6
{[%clk 00:40:42]} {[%emt 00:00:40]} h4 {[%clk 00:57:14]} {[%emt 00:04:36]} 19.
Rd2 {[%clk 00:34:37]} {[%emt 00:06:35]} Qh5 {[%clk 00:56:44]} {[%emt 00:01:00]}
20. Qxd7+ {[%clk 00:33:12]} {[%emt 00:01:55]} Kf8 {[%clk 00:57:06]} {[%emt
00:00:08]} 21. Nc6 {[%clk 00:32:23]} {[%emt 00:01:19]} Kg8 {[%clk 00:54:22]}
{[%emt 00:03:14]} 22. h3 {[%clk 00:30:16]} {[%emt 00:02:37]} Kh7 {[%clk
00:52:03]} {[%emt 00:02:50]} 23. Re1 {[%clk 00:29:34]} {[%emt 00:01:11]} Rac8
{[%clk 00:49:56]} {[%emt 00:02:38]} 24. Rd4 {[%clk 00:27:07]} {[%emt 00:02:56]}
Rhe8 {[%clk 00:40:53]} {[%emt 00:09:33]} 25. Ree4 {[%clk 00:22:40]} {[%emt
00:04:57]} g5 {[%clk 00:40:20]} {[%emt 00:01:03]} 26. Ne5 {[%clk 00:16:42]}
{[%emt 00:06:28]} Kg7 {[%clk 00:39:26]} {[%emt 00:01:24]} 27. Rg4 {[%clk
00:16:09]} {[%emt 00:01:03]} Kf6 {[%clk 00:38:50]} {[%emt 00:01:07]} 28. Nxf7
{[%clk 00:12:18]} {[%emt 00:04:20]} Rg8 {[%clk 00:32:37]} {[%emt 00:06:44]} 29.
Nd6 {[%clk 00:11:25]} {[%emt 00:01:22]} Rgd8 {[%clk 00:31:47]} {[%emt
00:01:20]} 30. Ne4+ {[%clk 00:11:21]} {[%emt 00:00:34]} Ke5 {[%clk 00:31:58]}
{[%emt 00:00:19]} 31. Qg7+ {[%clk 00:11:33]} {[%emt 00:00:18]} 1-0

[Event "European Chess Club Cup 2023"]
[Site "Durres, Albania"]
[Date "2023.10.01"]
[Round "1.40"]
[White "Budima, Armend"]
[Black "Saric, Ivan"]
[Result "0-1"]
[TimeControl "90' + 30' & 30\""]
[WhiteElo "2165"]
[BlackElo "2647"]

1. e4 {[%clk 01:30:52]} {[%emt 00:00:06]} c5 {[%clk 01:30:51]} {[%emt
00:00:11]} 2. Nc3 {[%clk 01:31:07]} {[%emt 00:00:14]} Nc6 {[%clk 01:31:10]}
{[%emt 00:00:11]} 3. f4 {[%clk 01:30:42]} {[%emt 00:00:55]} e6 {[%clk
01:31:17]} {[%emt 00:00:26]} 4. Nf3 {[%clk 01:31:06]} {[%emt 00:00:04]} d5
{[%clk 01:31:23]} {[%emt 00:00:24]} 5. Bb5 {[%clk 01:31:20]} {[%emt 00:00:15]}
Nf6 {[%clk 01:31:15]} {[%emt 00:00:38]} 6. Qe2 {[%clk 01:31:42]} {[%emt
00:00:08]} Be7 {[%clk 01:29:15]} {[%emt 00:02:29]} 7. O-O {[%clk 01:22:50]}
{[%emt 00:09:23]} O-O {[%clk 01:29:18]} {[%emt 00:00:26]} 8. Bxc6 {[%clk
01:22:28]} {[%emt 00:00:52]} bxc6 {[%clk 01:29:44]} {[%emt 00:00:05]} 9. d3
{[%clk 01:22:53]} {[%emt 00:00:05]} a5 {[%clk 01:26:39]} {[%emt 00:03:35]} 10.
Ne5 {[%clk 00:55:59]} {[%emt 00:27:24]} Qc7 {[%clk 01:25:04]} {[%emt 00:02:05]}
11. Kh1 {[%clk 00:53:16]} {[%emt 00:03:13]} Ba6 {[%clk 01:24:49]} {[%emt
00:00:45]} 12. Ng4 {[%clk 00:51:58]} {[%emt 00:01:47]} Nxg4 {[%clk 01:24:49]}
{[%emt 00:00:30]} 13. Qxg4 {[%clk 00:52:26]} {[%emt 00:00:02]} dxe4 {[%clk
01:19:58]} {[%emt 00:05:21]} 14. Be3 {[%clk 00:24:36]} {[%emt 00:28:19]} exd3
{[%clk 01:19:35]} {[%emt 00:00:53]} 15. cxd3 {[%clk 00:24:48]} {[%emt
00:00:19]} Bxd3 {[%clk 01:19:46]} {[%emt 00:00:18]} 16. Rf2 {[%clk 00:23:17]}
{[%emt 00:02:02]} a4 {[%clk 01:18:06]} {[%emt 00:02:10]} 17. Rd2 {[%clk
00:21:23]} {[%emt 00:02:25]} Rfd8 {[%clk 01:18:26]} {[%emt 00:00:09]} 18. Qd1
{[%clk 00:21:22]} {[%emt 00:00:31]} Bb5 {[%clk 01:15:42]} {[%emt 00:03:13]} 19.
Ne4 {[%clk 00:20:52]} {[%emt 00:01:01]} Rxd2 {[%clk 01:10:40]} {[%emt
00:05:32]} 20. Qxd2 {[%clk 00:21:11]} {[%emt 00:00:10]} Rd8 {[%clk 01:10:57]}
{[%emt 00:00:15]} 21. Qf2 {[%clk 00:21:36]} {[%emt 00:00:04]} Qd7 {[%clk
01:08:09]} {[%emt 00:03:18]} 22. Rc1 {[%clk 00:15:26]} {[%emt 00:06:40]} Qd5
{[%clk 01:07:03]} {[%emt 00:01:35]} 23. Nc3 {[%clk 00:15:28]} {[%emt 00:00:28]}
Qf5 {[%clk 01:04:56]} {[%emt 00:02:37]} 24. h3 {[%clk 00:13:33]} {[%emt
00:02:26]} h5 {[%clk 01:01:54]} {[%emt 00:03:32]} 25. Kg1 {[%clk 00:10:14]}
{[%emt 00:03:49]} Rd3 {[%clk 00:58:39]} {[%emt 00:03:44]} 26. Nxb5 {[%clk
00:04:10]} {[%emt 00:06:34]} cxb5 {[%clk 00:59:05]} {[%emt 00:00:04]} 27. Bxc5
{[%clk 00:04:33]} {[%emt 00:00:08]} Bf6 {[%clk 00:59:18]} {[%emt 00:00:17]} 28.
Bb6 {[%clk 00:03:14]} {[%emt 00:01:49]} g6 {[%clk 00:56:16]} {[%emt 00:03:32]}
29. Rc8+ {[%clk 00:01:47]} {[%emt 00:01:57]} Kg7 {[%clk 00:56:35]} {[%emt
00:00:10]} 30. Rc2 {[%clk 00:02:06]} {[%emt 00:00:11]} e5 {[%clk 00:55:30]}
{[%emt 00:01:35]} 31. fxe5 {[%clk 00:00:56]} {[%emt 00:01:41]} Rd1+ {[%clk
00:55:54]} {[%emt 00:00:05]} 32. Kh2 {[%clk 00:01:18]} {[%emt 00:00:08]} Bxe5+
{[%clk 00:56:10]} {[%emt 00:00:14]} 33. g3 {[%clk 00:01:29]} {[%emt 00:00:20]}
Qe4 {[%clk 00:55:58]} {[%emt 00:00:41]} 34. Qg2 {[%clk 00:01:05]} {[%emt
00:00:55]} Bxg3+ {[%clk 00:56:17]} {[%emt 00:00:11]} 35. Kxg3 {[%clk 00:00:44]}
{[%emt 00:00:51]} h4+ {[%clk 00:56:42]} {[%emt 00:00:05]} 0-1

[Event "European Chess Club Cup 2023"]
[Site "Durres, Albania"]
[Date "2023.10.01"]
[Round "1.41"]
[White "Brkic, Ante"]
[Black "Hamiti, Gani"]
[Result "1-0"]
[TimeControl "90' + 30' & 30\""]
[WhiteElo "2606"]
[BlackElo "2124"]

1. e4 {[%clk 01:30:57]} {[%emt 00:00:03]} e5 {[%clk 01:30:51]} {[%emt
00:00:08]} 2. Nf3 {[%clk 01:31:23]} {[%emt 00:00:04]} Nc6 {[%clk 01:31:15]}
{[%emt 00:00:07]} 3. Bc4 {[%clk 01:31:49]} {[%emt 00:00:04]} Nf6 {[%clk
01:30:49]} {[%emt 00:00:55]} 4. d3 {[%clk 01:32:12]} {[%emt 00:00:07]} h6
{[%clk 01:31:14]} {[%emt 00:00:06]} 5. c3 {[%clk 01:28:10]} {[%emt 00:04:31]}
g5 {[%clk 01:30:00]} {[%emt 00:01:44]} 6. d4 {[%clk 01:15:57]} {[%emt
00:12:43]} exd4 {[%clk 01:22:27]} {[%emt 00:08:03]} 7. e5 {[%clk 01:02:27]}
{[%emt 00:14:00]} d5 {[%clk 01:14:33]} {[%emt 00:08:24]} 8. Bb5 {[%clk
01:02:17]} {[%emt 00:00:40]} Ne4 {[%clk 01:13:28]} {[%emt 00:01:35]} 9. Nxd4
{[%clk 01:00:51]} {[%emt 00:01:55]} Bd7 {[%clk 01:13:36]} {[%emt 00:00:23]} 10.
Bxc6 {[%clk 00:56:34]} {[%emt 00:04:47]} bxc6 {[%clk 01:11:44]} {[%emt
00:02:22]} 11. O-O {[%clk 00:56:57]} {[%emt 00:00:07]} Bg7 {[%clk 00:57:07]}
{[%emt 00:15:07]} 12. f3 {[%clk 00:51:02]} {[%emt 00:06:25]} Nc5 {[%clk
00:56:46]} {[%emt 00:00:51]} 13. f4 {[%clk 00:51:17]} {[%emt 00:00:15]} Qe7
{[%clk 00:48:21]} {[%emt 00:08:54]} 14. Be3 {[%clk 00:46:58]} {[%emt 00:04:50]}
gxf4 {[%clk 00:44:34]} {[%emt 00:04:17]} 15. Bxf4 {[%clk 00:47:18]} {[%emt
00:00:09]} Bxe5 {[%clk 00:41:10]} {[%emt 00:04:01]} 16. Bxe5 {[%clk 00:33:11]}
{[%emt 00:14:32]} Qxe5 {[%clk 00:41:31]} {[%emt 00:00:08]} 17. Qf3 {[%clk
00:23:58]} {[%emt 00:09:42]} O-O-O {[%clk 00:36:08]} {[%emt 00:05:54]} 18. Nd2
{[%clk 00:24:12]} {[%emt 00:00:16]} Qg5 {[%clk 00:30:29]} {[%emt 00:06:08]} 19.
b4 {[%clk 00:20:40]} {[%emt 00:04:02]} Ne6 {[%clk 00:24:56]} {[%emt 00:06:03]}
20. N2b3 {[%clk 00:20:04]} {[%emt 00:01:07]} Rhg8 {[%clk 00:24:14]} {[%emt
00:01:12]} 21. Rf2 {[%clk 00:16:49]} {[%emt 00:03:45]} Rde8 {[%clk 00:21:18]}
{[%emt 00:03:26]} 22. Nxe6 {[%clk 00:16:21]} {[%emt 00:00:58]} fxe6 {[%clk
00:15:26]} {[%emt 00:06:22]} 23. Nc5 {[%clk 00:16:18]} {[%emt 00:00:33]} e5
{[%clk 00:12:50]} {[%emt 00:03:06]} 24. Raf1 {[%clk 00:12:50]} {[%emt
00:03:58]} e4 {[%clk 00:11:22]} {[%emt 00:01:58]} 25. Qe2 {[%clk 00:12:47]}
{[%emt 00:00:32]} Rg7 {[%clk 00:04:34]} {[%emt 00:07:18]} 26. Qa6+ {[%clk
00:05:39]} {[%emt 00:07:40]} Kd8 {[%clk 00:04:59]} {[%emt 00:00:04]} 27. Nb7+
{[%clk 00:05:47]} {[%emt 00:00:22]} Ke7 {[%clk 00:05:00]} {[%emt 00:00:28]} 28.
Qxa7 {[%clk 00:05:38]} {[%emt 00:00:41]} Reg8 {[%clk 00:03:49]} {[%emt
00:01:40]} 29. Qc5+ {[%clk 00:03:00]} {[%emt 00:03:08]} Ke6 {[%clk 00:03:59]}
{[%emt 00:00:21]} 30. Qd4 {[%clk 00:01:47]} {[%emt 00:01:42]} Ke7 {[%clk
00:02:39]} {[%emt 00:01:49]} 31. Qc5+ {[%clk 00:01:11]} {[%emt 00:01:07]} Ke6
{[%clk 00:03:04]} {[%emt 00:00:05]} 32. c4 {[%clk 00:01:18]} {[%emt 00:00:24]}
Qe5 {[%clk 00:02:52]} {[%emt 00:00:41]} 33. Qe3 {[%clk 00:01:06]} {[%emt
00:00:42]} Qg5 {[%clk 00:01:54]} {[%emt 00:01:28]} 34. Qc5 {[%clk 00:00:35]}
{[%emt 00:01:02]} Qe5 {[%clk 00:01:47]} {[%emt 00:00:37]} 35. b5 {[%clk
00:00:43]} {[%emt 00:00:22]} e3 {[%clk 00:01:46]} {[%emt 00:00:30]} 36. Rf6+
{[%clk 00:00:39]} {[%emt 00:00:34]} Qxf6 {[%clk 00:02:07]} {[%emt 00:00:09]} 37.
Qxe3+ {[%clk 00:00:35]} {[%emt 00:00:34]} Qe5 {[%clk 00:01:42]} {[%emt
00:00:55]} 38. Nc5+ {[%clk 00:00:59]} {[%emt 00:00:06]} Kd6 {[%clk 00:02:03]}
{[%emt 00:00:10]} 39. Rf6+ {[%clk 00:01:07]} {[%emt 00:00:21]} Be6 {[%clk
00:00:59]} {[%emt 00:01:34]} 40. Nb7+ {[%clk 00:00:45]} {[%emt 00:00:52]} Kd7
{[%clk 00:00:34]} {[%emt 00:00:55]} 41. Qxe5 {[%clk 00:00:41]} {[%emt
00:00:34]} Rxg2+ {[%clk 00:27:48]} {[%emt 00:03:16]} 42. Kf1 {[%clk 00:30:43]}
{[%emt 00:00:27]} Rg1+ {[%clk 00:27:56]} {[%emt 00:00:23]} 43. Ke2 {[%clk
00:28:52]} {[%emt 00:02:20]} R8g2+ {[%clk 00:27:58]} {[%emt 00:00:29]} 44. Kd3
{[%clk 00:20:49]} {[%emt 00:08:33]} dxc4+ {[%clk 00:20:28]} {[%emt 00:08:00]}
45. Kc3 {[%clk 00:20:09]} {[%emt 00:01:10]} Rc1+ {[%clk 00:20:45]} {[%emt
00:00:13]} 46. Kb4 {[%clk 00:20:25]} {[%emt 00:00:14]} Rb1+ {[%clk 00:20:58]}
{[%emt 00:00:17]} 47. Ka3 {[%clk 00:20:41]} {[%emt 00:00:14]} 1-0

[Event "European Chess Club Cup 2023"]
[Site "Durres, Albania"]
[Date "2023.10.01"]
[Round "1.42"]
[White "Saraci, Osman"]
[Black "Sebenik, Matej"]
[Result "0-1"]
[TimeControl "90' + 30' & 30\""]
[WhiteElo "2118"]
[BlackElo "2523"]

1. e4 {[%clk 01:30:52]} {[%emt 00:00:06]} c5 {[%clk 01:30:47]} {[%emt
00:00:13]} 2. Nf3 {[%clk 01:29:05]} {[%emt 00:02:18]} d6 {[%clk 01:30:52]}
{[%emt 00:00:25]} 3. Bc4 {[%clk 01:27:07]} {[%emt 00:02:27]} Nf6 {[%clk
01:28:31]} {[%emt 00:02:51]} 4. Qe2 {[%clk 01:17:19]} {[%emt 00:10:18]} Nc6
{[%clk 01:26:54]} {[%emt 00:02:08]} 5. e5 {[%clk 01:14:37]} {[%emt 00:03:12]}
dxe5 {[%clk 01:25:32]} {[%emt 00:01:51]} 6. Nxe5 {[%clk 01:14:10]} {[%emt
00:00:57]} Nxe5 {[%clk 01:25:05]} {[%emt 00:00:58]} 7. Qxe5 {[%clk 01:14:29]}
{[%emt 00:00:11]} e6 {[%clk 01:24:28]} {[%emt 00:01:07]} 8. Bb5+ {[%clk
01:12:10]} {[%emt 00:02:48]} Nd7 {[%clk 01:16:43]} {[%emt 00:08:16]} 9. d4
{[%clk 01:05:30]} {[%emt 00:07:10]} a6 {[%clk 00:59:59]} {[%emt 00:17:14]} 10.
Bxd7+ {[%clk 01:03:55]} {[%emt 00:02:04]} Bxd7 {[%clk 01:00:26]} {[%emt
00:00:03]} 11. d5 {[%clk 00:56:04]} {[%emt 00:08:22]} Qb8 {[%clk 00:44:34]}
{[%emt 00:16:22]} 12. Qxb8+ {[%clk 00:53:46]} {[%emt 00:02:48]} Rxb8 {[%clk
00:45:01]} {[%emt 00:00:02]} 13. Bf4 {[%clk 00:53:53]} {[%emt 00:00:23]} Rd8
{[%clk 00:39:31]} {[%emt 00:06:01]} 14. Nc3 {[%clk 00:49:06]} {[%emt 00:05:16]}
exd5 {[%clk 00:36:36]} {[%emt 00:03:26]} 15. Nxd5 {[%clk 00:39:39]} {[%emt
00:09:56]} Bc6 {[%clk 00:36:57]} {[%emt 00:00:09]} 16. Ne3 {[%clk 00:30:43]}
{[%emt 00:09:26]} f6 {[%clk 00:32:15]} {[%emt 00:05:13]} 17. O-O {[%clk
00:28:36]} {[%emt 00:02:37]} Kf7 {[%clk 00:32:37]} {[%emt 00:00:07]} 18. Rad1
{[%clk 00:27:17]} {[%emt 00:01:49]} Be7 {[%clk 00:32:27]} {[%emt 00:00:41]} 19.
Bc7 {[%clk 00:24:08]} {[%emt 00:03:38]} Rxd1 {[%clk 00:21:59]} {[%emt
00:10:58]} 20. Rxd1 {[%clk 00:24:16]} {[%emt 00:00:23]} Rc8 {[%clk 00:22:26]}
{[%emt 00:00:03]} 21. Bd6 {[%clk 00:22:34]} {[%emt 00:02:10]} g6 {[%clk
00:14:33]} {[%emt 00:08:24]} 22. Bxe7 {[%clk 00:22:06]} {[%emt 00:00:57]} Kxe7
{[%clk 00:15:01]} {[%emt 00:00:04]} 23. Nd5+ {[%clk 00:22:16]} {[%emt
00:00:19]} Kf7 {[%clk 00:13:29]} {[%emt 00:02:03]} 24. Nb6 {[%clk 00:21:36]}
{[%emt 00:01:10]} Re8 {[%clk 00:12:44]} {[%emt 00:01:14]} 25. Nc4 {[%clk
00:16:50]} {[%emt 00:05:16]} Re7 {[%clk 00:05:51]} {[%emt 00:07:24]} 26. f3
{[%clk 00:16:10]} {[%emt 00:01:09]} Re2 {[%clk 00:02:38]} {[%emt 00:03:44]} 27.
Rd2 {[%clk 00:16:20]} {[%emt 00:00:19]} Rxd2 {[%clk 00:00:48]} {[%emt
00:02:21]} 28. Nxd2 {[%clk 00:16:42]} {[%emt 00:00:08]} Ke6 {[%clk 00:01:08]}
{[%emt 00:00:11]} 29. Kf2 {[%clk 00:16:53]} {[%emt 00:00:18]} b5 {[%clk
00:01:31]} {[%emt 00:00:07]} 30. Ke3 {[%clk 00:14:20]} {[%emt 00:03:03]} Bd5
{[%clk 00:01:50]} {[%emt 00:00:11]} 31. b3 {[%clk 00:12:25]} {[%emt 00:02:24]}
b4 {[%clk 00:01:11]} {[%emt 00:01:10]} 32. Kd3 {[%clk 00:11:20]} {[%emt
00:01:35]} f5 {[%clk 00:00:53]} {[%emt 00:00:48]} 33. Ke3 {[%clk 00:08:26]}
{[%emt 00:03:24]} Bc6 {[%clk 00:00:44]} {[%emt 00:00:39]} 34. g3 {[%clk
00:06:04]} {[%emt 00:02:52]} a5 {[%clk 00:00:57]} {[%emt 00:00:17]} 35. Nc4
{[%clk 00:04:49]} {[%emt 00:01:44]} a4 {[%clk 00:01:20]} {[%emt 00:00:08]} 36.
f4 {[%clk 00:05:03]} {[%emt 00:00:16]} a3 {[%clk 00:00:54]} {[%emt 00:00:56]}
37. Ne5 {[%clk 00:01:35]} {[%emt 00:03:57]} Be4 {[%clk 00:01:09]} {[%emt
00:00:15]} 38. Nd3 {[%clk 00:01:17]} {[%emt 00:00:48]} Kd5 {[%clk 00:01:07]}
{[%emt 00:00:33]} 39. Ne1 {[%clk 00:00:37]} {[%emt 00:01:10]} c4 {[%clk
00:01:15]} {[%emt 00:00:21]} 40. bxc4+ {[%clk 00:00:47]} {[%emt 00:00:20]} Kxc4
{[%clk 00:01:39]} {[%emt 00:00:06]} 41. Kd2 {[%clk 00:01:16]} {[%emt 00:00:02]}
Kd4 {[%clk 00:01:19]} {[%emt 00:00:49]} 42. Kd1 {[%clk 00:30:09]} {[%emt
00:01:37]} Ke3 {[%clk 00:23:36]} {[%emt 00:08:13]} 43. h3 {[%clk 00:27:05]}
{[%emt 00:03:34]} h6 {[%clk 00:23:07]} {[%emt 00:00:59]} 44. g4 {[%clk
00:26:52]} {[%emt 00:00:43]} fxg4 {[%clk 00:22:43]} {[%emt 00:00:55]} 45. hxg4
{[%clk 00:27:13]} {[%emt 00:00:09]} Kxf4 {[%clk 00:23:05]} {[%emt 00:00:08]}
0-1